| 000 | 01169aab a2200205 i 4500 | ||
|---|---|---|---|
| 001 | 768714001 | ||
| 003 | CO-MdFUSB | ||
| 005 | 20250804124234.0 | ||
| 008 | 220908s1994 ag ||||| |||| 00| 0 spa d | ||
| 040 |
_bspa _cCO-MdFUSB |
||
| 041 | _aspa | ||
| 110 | _aSojourners, | ||
| 245 | 1 | 0 |
_aEn camino a una nueva comunidad _c/ Sojourners |
| 300 |
_aVol. 13, Num 2 (Abril-Junio, 1994), Páginas 12 - 14 _c; 23 cm |
||
| 520 | _aPor todas partes encontramos discípulas de Cristo que anhelan profundizar su experiencia de una vida en comunidad. Esta necesidad de compartir el peregrinaje espiritual con otros es coherente con nuestra fe, en cuyo centro está el modelo de Jesús, quien reunió a discípulos que participaron con él en su misión. Lo cierto es que la oracion, el estudio bíblico, el análisis social y la acción son ingredientes que nutren la vida comunitaria y ayudan a todo cristiano a compartir con otros el peregrinaje en el camino de fidelidad a Dios. | ||
| 650 | 0 |
_919 _aVida cristiana |
|
| 773 | 0 |
_tIglesia y Misión _049402 _959647 _gVolumen 13, número 2 (abril - junio, 1994), páginas: 12 - 14 _qpágina: 12 |
|
| 942 | _cANA | ||
| 945 | _aJTF-925 | ||
| 999 |
_c52056 _d52056 |
||